|
|
|
|
| LEADER |
02841nam a2200733 4500 |
| 001 |
on1054553716 |
| 003 |
OCoLC |
| 005 |
20200326101155.0 |
| 006 |
m o d |
| 007 |
cr cnu---unuuu |
| 008 |
180927s2018 mau o 000 0 eng d |
| 040 |
|
|
|a OPELS
|b eng
|e rda
|e pn
|c OPELS
|d N$T
|d OHS
|d OCLCO
|d OCLCF
|d UKMGB
|d OCLCA
|d YDX
|d OCLCQ
|d BRX
|d AU@
|d GrThAP
|
| 016 |
7 |
|
|a 019064429
|2 Uk
|
| 019 |
|
|
|a 1055458876
|
| 020 |
|
|
|a 9780128155219
|q (electronic bk.)
|
| 020 |
|
|
|a 0128155213
|q (electronic bk.)
|
| 020 |
|
|
|a 9780128151129
|q (print)
|
| 020 |
|
|
|a 0128151129
|
| 035 |
|
|
|a (OCoLC)1054553716
|z (OCoLC)1055458876
|
| 050 |
|
4 |
|a RS201.N35
|
| 055 |
1 |
4 |
|a QP601.
|b E522 1970 v.43eb
|
| 060 |
|
4 |
|a QT 36.5
|
| 072 |
|
7 |
|a HEA
|x 012000
|2 bisacsh
|
| 072 |
|
7 |
|a HEA
|x 020000
|2 bisacsh
|
| 072 |
|
7 |
|a MED
|x 004000
|2 bisacsh
|
| 072 |
|
7 |
|a MED
|x 101000
|2 bisacsh
|
| 072 |
|
7 |
|a MED
|x 109000
|2 bisacsh
|
| 072 |
|
7 |
|a MED
|x 029000
|2 bisacsh
|
| 072 |
|
7 |
|a MED
|x 040000
|2 bisacsh
|
| 072 |
|
7 |
|a MED
|x 092000
|2 bisacsh
|
| 072 |
|
7 |
|a PSA
|2 bicssc
|
| 072 |
|
7 |
|a PSD
|2 bicssc
|
| 072 |
|
7 |
|a PSF
|2 bicssc
|
| 082 |
0 |
4 |
|a 610.28
|2 23
|
| 245 |
0 |
0 |
|a Mesoporous silica-based nanomaterials and biomedical applications.
|n Part A /
|c edited by Fuyuhiko Tamanoi.
|
| 264 |
|
1 |
|a Cambridge, MA :
|b Academic Press is an imprint of Elsevier,
|c 2018.
|
| 300 |
|
|
|a 1 online resource.
|
| 336 |
|
|
|a text
|b txt
|2 rdacontent
|
| 337 |
|
|
|a computer
|b c
|2 rdamedia
|
| 338 |
|
|
|a online resource
|b cr
|2 rdacarrier
|
| 490 |
1 |
|
|a The enzymes ;
|v volume 43
|
| 588 |
0 |
|
|a Online resource; title from PDF title page (ScienceDirect, viewed September 27, 2018).
|
| 588 |
0 |
|
|a Print version record.
|
| 650 |
|
0 |
|a Nanoparticles.
|
| 650 |
|
0 |
|a Biomedical materials.
|
| 650 |
|
0 |
|a Mesoporous materials.
|
| 650 |
|
7 |
|a HEALTH & FITNESS
|x Holism.
|2 bisacsh
|
| 650 |
|
7 |
|a HEALTH & FITNESS
|x Reference.
|2 bisacsh
|
| 650 |
|
7 |
|a MEDICAL
|x Alternative Medicine.
|2 bisacsh
|
| 650 |
|
7 |
|a MEDICAL
|x Atlases.
|2 bisacsh
|
| 650 |
|
7 |
|a MEDICAL
|x Essays.
|2 bisacsh
|
| 650 |
|
7 |
|a MEDICAL
|x Family & General Practice.
|2 bisacsh
|
| 650 |
|
7 |
|a MEDICAL
|x Holistic Medicine.
|2 bisacsh
|
| 650 |
|
7 |
|a MEDICAL
|x Osteopathy.
|2 bisacsh
|
| 650 |
|
7 |
|a Biomedical materials.
|2 fast
|0 (OCoLC)fst00832586
|
| 650 |
|
7 |
|a Mesoporous materials.
|2 fast
|0 (OCoLC)fst01747673
|
| 650 |
|
7 |
|a Nanoparticles.
|2 fast
|0 (OCoLC)fst01032624
|
| 650 |
|
2 |
|a Nanoparticles.
|
| 655 |
|
0 |
|a Electronic books.
|
| 655 |
|
4 |
|a Electronic books.
|
| 700 |
1 |
|
|a Tamanoi, Fuyuhiko,
|e editor.
|
| 776 |
0 |
8 |
|i Print version:
|t Mesoporous silica-based nanomaterials and biomedical applications. Part A.
|d Cambridge, MA : Academic Press is an imprint of Elsevier, 2018
|z 0128151129
|z 9780128151129
|w (OCoLC)1037807182
|
| 830 |
|
0 |
|a Enzymes ;
|v v. 43.
|
| 856 |
4 |
0 |
|3 ScienceDirect
|u https://www.sciencedirect.com/science/bookseries/18746047/43
|z Full Text via HEAL-Link
|